|
|
|
|
| LEADER |
00000cam a2200000 7i4500 |
| 001 |
0000004879 |
| 002 |
000005262 |
| 005 |
20000330.0 |
| 020 |
|
|
|a 9839068024
|
| 090 |
0 |
0 |
|a 297.6
|b ABU
|
| 100 |
0 |
|
|a Abul Hasan Nadawi
|
| 245 |
1 |
0 |
|a Kehidupan para Rasul
|c Abul Hasan Nadawi ; alihbahasa Ali Idrus Al-Hamid dan Yunus Ali Al-Muhdar
|
| 260 |
|
|
|a Arau :
|b Pustaka Islamiyah ,
|c 1992
|
| 300 |
|
|
|a 206 p. ;
|c 21 cm.
|
| 650 |
0 |
0 |
|a Prophets, Pre-Islamic
|
| 700 |
0 |
|
|a Ali Idrus Al-Hamid
|
| 700 |
0 |
|
|a Yunus Ali Al-Muhdar
|
| 999 |
|
|
|a 034798
|b BUKU
|c PINJAMAN
|e PERPUSTAKAAN KOMUNITI PETALING JAYA
|
| 999 |
|
|
|a 034800
|b BUKU
|c PINJAMAN
|e PERPUSTAKAAN KOMUNITI PETALING JAYA
|